BIBLIOTECA

SENCICO

La Iliada / (Registro nro. 78)

Detalles MARC
000 -LEADER
fixed length control field 00609nam a2200217Ia 4500
003 - CONTROL NUMBER IDENTIFIER
control field PE SENCICO BE
005 - DATE AND TIME OF LATEST TRANSACTION
control field 20251020182425.0
008 - FIXED-LENGTH DATA ELEMENTS--GENERAL INFORMATION
fixed length control field 200515s9999 xx 000 0 und d
020 ## - INTERNATIONAL STANDARD BOOK NUMBER
International Standard Book Number 958-16-0001-9
040 ## - CATALOGING SOURCE
Original cataloging agency PE SENCICO BE
Transcribing agency PE SENCICO BE
041 ## - LANGUAGE CODE
Language code of text/sound track or separate title spa
082 ## - DEWEY DECIMAL CLASSIFICATION NUMBER
Classification number 881
Item number H72
100 1# - MAIN ENTRY--PERSONAL NAME
Personal name Homero
9 (RLIN) 2048
245 10 - TITLE STATEMENT
Title La Iliada /
Statement of responsibility, etc. Homero
260 ## - PUBLICATION, DISTRIBUTION, ETC.
Place of publication, distribution, etc. Barcelona :
-- Bogotá :
Name of publisher, distributor, etc. La Montaña Mágica,
Date of publication, distribution, etc. sin año
300 ## - PHYSICAL DESCRIPTION
Extent ix, 363 p. :
Dimensions 18 cm.
490 ## - SERIES STATEMENT
Series statement Obras inmortales
650 10 - SUBJECT ADDED ENTRY--TOPICAL TERM
Topical term or geographic name entry element Poesías épicas griegas
9 (RLIN) 2049
650 20 - SUBJECT ADDED ENTRY--TOPICAL TERM
Topical term or geographic name entry element Literatura griega clásica
9 (RLIN) 2050
942 ## - ADDED ENTRY ELEMENTS (KOHA)
Koha item type Libros
Source of classification or shelving scheme Dewey Decimal Classification
Existencias
Fecha de la última vez que lo usaron Número de ingreso o de inventario Pago total Signatura topográfica completa Código de barras Precio efectivo desde Tipo de documento Estado perdido Sistema de clasificación Estado dañado No es para préstamo Retirado Ubicación permanente Ubicación actual Fecha de adquisición
15/05/2020 12396   881/H72 BibLima24030072 15/05/2020 Libros   Dewey Decimal Classification       Biblioteca Central Lima Biblioteca Central Lima 15/05/2020
15/05/2020 12398   881/H72/ej. 2 BibLima24030073 15/05/2020 Libros   Dewey Decimal Classification       Biblioteca Central Lima Biblioteca Central Lima 15/05/2020
15/05/2020 12397   881/H72/ej. 3 BibLima24030074 15/05/2020 Libros   Dewey Decimal Classification       Biblioteca Central Lima Biblioteca Central Lima 15/05/2020